Central Library OPAC University of Rajshahi
Normal view MARC view

Entry Personal Name

Number of records used in: 3

001 - CONTROL NUMBER

  • control field: 15156

003 - CONTROL NUMBER IDENTIFIER

  • control field: BD-RjUL

005 - DATE AND TIME OF LATEST TRANSACTION

  • control field: 20250309112529.0

008 - FIXED-LENGTH DATA ELEMENTS

  • fixed length control field: 250309|| aca||aabn | a|a d

040 ## - CATALOGING SOURCE

  • Original cataloging agency: BD-RjUL
  • Transcribing agency: BD-RjUL

100 ## - HEADING--PERSONAL NAME

  • Personal name: ʻUmar ibn al-Khaṭṭāb, Caliph,
  • Dates associated with a name: -644

670 ## - SOURCE DATA FOUND

  • Source citation: Work cat.: (BD-RjUL)84761: Numani, Muhammad Shibli 15155, Omar the Great /